The apportionment problem and the European Parliament (Registro nro. 26983)
[ vista simple ]
| 000 -LEADER | |
|---|---|
| fixed length control field | 00369 a2200121 4500 |
| 001 - CONTROL NUMBER | |
| control field | ART_14683 |
| 005 - DATE AND TIME OF LATEST TRANSACTION | |
| control field | 20260410161913.0 |
| 008 - FIXED-LENGTH DATA ELEMENTS--GENERAL INFORMATION | |
| fixed length control field | 260409a |
| 100 1# - MAIN ENTRY--PERSONAL NAME | |
| Personal name | Theil, Henri |
| 245 10 - TITLE STATEMENT | |
| Title | The apportionment problem and the European Parliament |
| 700 1# - ADDED ENTRY--PERSONAL NAME | |
| Personal name | Schrage, Linus |
| 773 0# - HOST ITEM ENTRY | |
| Title | European economic review |
| Related parts | - Vol. 9, Nº 3 (ago. 1977) |
| Record control number | REV13346 |
No hay ítems disponibles.